000 00662nam a2200205 a 4500
005 20140310183337.0
008 061024s19uu xx 00 eng d
020 _a0135159741
050 _aRJ 506.B44
_b.K38 1997
100 _aKauffman, James M.
245 _aCharacteristics of emotional and behavioral disorders of children and youth /
_cJames M. Kauffman.
250 _a6th ed.
260 _aUpper Saddle River, New Jersey :
_bPrentice-Hall Inc,
_c1997.
300 _a612 p. :
_bill. ;
_c24 cm.
521 _aPSYCH
650 _aBehavior disorders in children.
650 _aEmotional problems of children.
942 _cBK
_2lcc
_kFOR
999 _c21716
_d21716